000 01121cam a22003017a 4500
003 CHAP
005 20220817044355.0
008 100917s1982 mx r 00010 spa d
010 _a99276
011 _a100248
035 _a110934
040 _cCHAP
090 _aFolleto 17741
110 2 _aMéxico. Dirección General de Distritos y Unidades de Temporal
245 1 0 _aReglamento interior del comité directivo de los distritos de temporal
_c/por Secretaría de Agricultura y Recursos Hidráulicos
260 _aMéxico, D.F. :
_bDirección General de Distritos y Unidades de Temporal,
_c1982
300 _a14 p.
590 _aBATCH-UPD
_b10
_c20130110
_lUCH01
_h1034
590 _aBATCH-UPD
_b10
_c20130410
_lUCH01
_h0636
590 _aBATCH-UPD
_b10
_c20130913
_lUCH01
_h2156
590 _aCONVERSION
_b10
_c20130109
_lUCH01
_h1355
650 1 4 _aAgricultura de temporal.
_91999
650 1 4 _aOficinas gubernamentales
_xMéxico.
_982814
901 _aBK
942 _cFOLL
949 _aFolleto 17741
_bBC
_cFOLL
_d33724002133842
_eTS1
_i110934
_sb
949 _aFolleto 17741
_bBC
_cFOLL
_d33724002133884
_eTS2
_fc.2
_i110934
_sb
999 _c99276
_d99276